000 01000nam a22003137a 4500
001 BR0600777
003 BR-BrBNA
005 20230928102057.0
007 ta
008 230509b bl.||||| |||| 00| 0 por d
040 _aBR-BrBNA
_bpor
_cBiblioteca Nacional de Agricultura
041 _a(Por)
072 _aE50
090 _ E50 BR0600777
100 1 _aSantos, A.A.
110 1 _aUniversidade Federal de Lavras, MG (Brasil)
_0Tese (Mestrado)
245 1 _aA importância do circuito turístico para o fomento da economia e da preservação ambiental - caso São Roque de Minas, MG
260 3 _aLavras, MG (Brasil):
_c2004.
300 _a103 p.
500 _aSummaries (Eng, Por); Bibliography p. 99-103; 5 tables
650 _aTURISMO
650 _aDESENVOLVIMENTO RURAL INTEGRADO
650 _aPLANEJAMENTO RURAL
650 _aDESENVOLVIMENTO SUSTENTÁVEL
650 _aMEIO AMBIENTE
650 _aZONEAMENTO ECOLÓGICO
909 _a202309
_bLucia
_c55
_dLucia Elande
942 _cBK
999 _c69035
_d69035